• 首页
  • 本馆介绍
  • 公告通知
  • 最新文献
  • 馆藏检索
  • 电子资源
  • 读者导购
  • 参考咨询
  • 我的图书馆
  • 登录
  • 详细信息显示
  • 放入我的书架
  • 预约/预借图书
  • 作者相关作品
  • 分类相关作品
  • 丛书相关作品
  • 出版社相关作品

书目信息

  • 表格格式
  • 工作单格式
  • 卡片格式
题名:
初中生物教案
    
 
作者: 朱正威 , 王勇 主编
分册: 二年级  
出版信息: 北京   北京师范大学出版社  1999.9
页数: 167页
开本: 26开
丛书名: 课堂教学设计丛书
单 册:
中图分类: G633.91
科图分类:
主题词: 教育--各级
电子资源:
ISBN: 7-303-00045-3
000 00662nam0 2200229 45
001 0004031565
005 20040506141625.2
010    @a7-303-00045-3@dCNY15.50
100    @a20000403d1999 km y0chiy0120 ea
101 0  @achi
105    @a z 000yy
200 1  @a初中生物教案@h二年级@AChu Zhong Sheng Wu Jiao An@f朱正威,王勇主编@FZhu Zheng Wei,Wang Yong Zhu Bian
210    @a北京@c北京师范大学出版社@d1999.9
215    @a167页@d26开
225    @a课堂教学设计丛书
410    @12001 @a课堂教学设计丛书
606 0  @a教育@x各级
690    @aG633.91@v1
701  0 @a朱正威@4主编
701  0 @a王勇@4主编
801    @aCN@bTSTC@c20000403
905    @dG633.91@e76:2
    
    初中生物教案.二年级/朱正威,王勇主编.-北京:北京师范大学出版社,1999.9
    167页;26开.-(课堂教学设计丛书)
    
    
    ISBN 7-303-00045-3:CNY15.50
    
●
相关链接 在E读中查询图书 在五车中查询图书 在当当中查询图书 在豆瓣中查询图书


正题名:初中生物教案     索取号:G633.91/76:2         预约/预借

序号 登录号 条形码 馆藏地/架位号 状态 备注
1 0286968   002869685   第四借阅区/ [索取号:G633.91/76:2] 在馆    
2 0286969   002869694   第四借阅区/ [索取号:G633.91/76:2] 在馆    
3 0286970   002869701   第四借阅区/ [索取号:G633.91/76:2] 在馆    
4 0286971   002869710   第四借阅区/ [索取号:G633.91/76:2] 在馆    
5 0286972   002869729   第四借阅区/ [索取号:G633.91/76:2] 在馆    
6 0286973   002869738   第四借阅区/ [索取号:G633.91/76:2] 在馆    
7 0286974   002869747   第四借阅区/ [索取号:G633.91/76:2] 在馆    
8 0286975   002869756   第四借阅区/ [索取号:G633.91/76:2] 在馆    
9 0286976   002869765   第四借阅区/ [索取号:G633.91/76:2] 在馆    
10 0286977   002869774   第四借阅区/ [索取号:G633.91/76:2] 在馆    
11 0286978   002869783   第四借阅区/ [索取号:G633.91/76:2] 在馆    
12 0286979   002869792   第四借阅区/ [索取号:G633.91/76:2] 在馆    
13 0286980   002869809   第四借阅区/ [索取号:G633.91/76:2] 在馆    
14 0286981   002869818   第四借阅区/ [索取号:G633.91/76:2] 在馆    
15 0286982   002869827   第四借阅区/ [索取号:G633.91/76:2] 在馆    
16 0286983   002869836   第四借阅区/ [索取号:G633.91/76:2] 在馆    
17 0286984   002869845   第四借阅区/ [索取号:G633.91/76:2] 在馆    
18 0286985   002869854   第四借阅区/ [索取号:G633.91/76:2] 在馆    
19 0286986   002869863   第四借阅区/ [索取号:G633.91/76:2] 在馆    
20 0286987   002869872   第一样本阅览室/ [索取号:G633.91/76:2] 在馆    
唐山师范学院图书馆 欢迎您!
大连网信软件有限公司© 版权所有